| 000 | 00636nam a2200205 a 4500 | ||
|---|---|---|---|
| 005 | 20240320063646.0 | ||
| 008 | 011010s1996 mx r 000 0 spa d | ||
| 020 | _a9688593125 | ||
| 035 | _aUPN01000112817 | ||
| 049 | _aF | ||
| 050 | 4 |
_aBH61 _bB5.3 |
|
| 100 | 1 | _aBlanch, Antonio | |
| 245 | 1 | 0 |
_aLo estético y los religioso : _bcotejo de experiencias y expresiones / _cAntonio Blanch. |
| 260 |
_aMéxico : _bUniversidad Iberomericana : _bITESO, _c1996. |
||
| 300 | _a46 p. | ||
| 440 | 0 |
_aCuadernos de fe y cultura ; _v6 |
|
| 650 | 4 |
_aEstética _xEstudio y enseñanza _916647 |
|
| 650 | 0 |
_aReligión _xFilosofía _97889 |
|
| 905 | _aLibro | ||
| 999 |
_c86725 _d86725 |
||